Welcome to Marium Abdulla Library

Embrace knowledge with a breath of fresh air.

Browse Collection

Marium Abdulla Library

Urbanistica 45 (Record no. 9616)

MARC details
000 -LEADER
fixed length control field 01305nam a2200241Ia 4500
001 - CONTROL NUMBER
control field 12146
003 - CONTROL NUMBER IDENTIFIER
control field OSt
005 - DATE AND TIME OF LATEST TRANSACTION
control field 20250807160912.0
008 - FIXED-LENGTH DATA ELEMENTS--GENERAL INFORMATION
fixed length control field 211022s9999 xx 000 0 und d
040 ## - CATALOGING SOURCE
Transcribing agency IVS
082 ## - DEWEY DECIMAL CLASSIFICATION NUMBER
Classification number 711.05 IST
Edition information 22
Item number 12146
100 ## - MAIN ENTRY--PERSONAL NAME
Personal name Istituto nazionale di urbanistica.
245 #0 - TITLE STATEMENT
Title Urbanistica 45
260 ## - PUBLICATION, DISTRIBUTION, ETC.
Place of publication, distribution, etc. Italy
260 ## - PUBLICATION, DISTRIBUTION, ETC.
Name of publisher, distributor, etc. Anno Di Fondazione
260 ## - PUBLICATION, DISTRIBUTION, ETC.
Date of publication, distribution, etc. 2014
300 ## - PHYSICAL DESCRIPTION
Extent 157
520 ## - SUMMARY, ETC.
Summary, etc. "Urbanistica 45" is a publication by the Istituto Nazionale di Urbanistica, focusing on contemporary issues in urban planning and development. The book presents a collection of essays and studies that examine the challenges faced by urban environments, including sustainable development, social equity, and innovative design. It also highlights case studies and best practices from various cities, providing insights into how urban planners can address pressing issues such as climate change, population growth, and infrastructure development. Throughout the text, the importance of collaboration between stakeholders, including government entities, private sectors, and communities, is emphasized as essential for successful urban planning initiatives.
650 ## - SUBJECT ADDED ENTRY--TOPICAL TERM
Topical term or geographic name entry element Urban Planning
650 ## - SUBJECT ADDED ENTRY--TOPICAL TERM
Topical term or geographic name entry element Sustainable Development
650 ## - SUBJECT ADDED ENTRY--TOPICAL TERM
Topical term or geographic name entry element Urban Studies
942 ## - ADDED ENTRY ELEMENTS (KOHA)
Koha item type Book
Source of classification or shelving scheme Dewey Decimal Classification
Suppress in OPAC No
Holdings
Date last seen Total checkouts Full call number Barcode Price effective from Koha item type Lost status Source of classification or shelving scheme Damaged status Not for loan Collection Withdrawn status Home library Current library Shelving location Date acquired Source of acquisition Cost, normal purchase price
10/26/2021   711.05 IST 12146 10/26/2021 Book   Dewey Decimal Classification     Architecture   Marium Abdulla Library Marium Abdulla Library Non-Ref 08/27/2014 Mrs. Syeda Rezve 2500.00